Spectrum Analyzer Circuits / (Record no. 181922)
[ view plain ]
| 000 -LEADER | |
|---|---|
| fixed length control field | 00554 a2200169 4500 |
| 003 - CONTROL NUMBER IDENTIFIER | |
| control field | Nust |
| 005 - DATE AND TIME OF LATEST TRANSACTION | |
| control field | 20221124122043.0 |
| 040 ## - CATALOGING SOURCE | |
| Transcribing agency | Nust |
| 082 ## - DEWEY DECIMAL CLASSIFICATION NUMBER | |
| Classification number | 621.38132,ENG |
| 100 ## - MAIN ENTRY--PERSONAL NAME | |
| Personal name | Morris Engelson |
| 9 (RLIN) | 103480 |
| 245 ## - TITLE STATEMENT | |
| Title | Spectrum Analyzer Circuits / |
| Statement of responsibility, etc. | Morris Engelson |
| 260 ## - PUBLICATION, DISTRIBUTION, ETC. | |
| Place of publication, distribution, etc. | Text Ronix |
| Name of publisher, distributor, etc. | London |
| Date of publication, distribution, etc. | 1969 |
| 300 ## - PHYSICAL DESCRIPTION | |
| Extent | 176p |
| 505 ## - FORMATTED CONTENTS NOTE | |
| Formatted contents note | Components and Subassemblies (Page-23), Filters (Page-55), Amplifiers (Page-83), Mixers (Page-99), Oscillators (Page-121), RF Attenuators (Page-157), |
| 650 ## - SUBJECT ADDED ENTRY--TOPICAL TERM | |
| Topical term or geographic name entry element | Telecommunication Engineering |
| 942 ## - ADDED ENTRY ELEMENTS (KOHA) | |
| Source of classification or shelving scheme | |
| Koha item type | Book |
| Withdrawn status | Lost status | Source of classification or shelving scheme | Damaged status | Not for loan | Permanent Location | Current Location | Shelving location | Date acquired | Full call number | Barcode | Date last seen | Price effective from | Koha item type | Public note |
|---|---|---|---|---|---|---|---|---|---|---|---|---|---|---|
| Military College of Signals (MCS) | Military College of Signals (MCS) | General Stacks | 12/12/2016 | 621.38132,ENG | MCS5955 | 12/08/2016 | 12/12/2016 | Book | Almirah No.32, Shelf No.3 |
